joueur ayant joué au hbc nantes - Statistiques

Statistiques générales
  • Ce quiz a été pris 4 fois
  • Le résultat moyen est 12 sur 16
Statistiques - réponses
Par images Hint Réponse % Correct
aymeric minne
100%
jorge maqueda
100%
nicolat tournat
100%
olivier nyokas
100%
valero rivera
100%
alberto entrerrios
75%
David balaguer
75%
dominik klein
75%
Eduardo Gurbindo
75%
emil nielsen
75%
Kiril Lazarov
75%
nicola claire
75%
rock feliho
75%
arnaud siffert
50%
Mahmoud Gharbi
50%
Bruno De Souza
25%
Aucun quiz correspondant
Distribution des résultats
% des personnes avec chaque résultat
Percentile par nombre de réponses
Votre historique - résultats
Vous n’avez pas pris ce quiz